| 000 | 00980nam a2200301 4500 | ||
|---|---|---|---|
| 003 | EG-GICUC | ||
| 005 | 20260510114501.0 | ||
| 008 | 260510s1965 ua ||||fr|||| 00| 0 fre d | ||
| 040 |
_aEG-GiCUC _bfre _cEG-GiCUC _dEG-GiCUC _eRda |
||
| 041 | _afre | ||
| 082 | 0 | 4 |
_221 _a341.9 _bDE. T |
| 092 | 0 | 4 | _221 |
| 099 | _aLaw1 12 341.9 DE. T 1965 | ||
| 100 | 1 |
_a Deprez, M. Jean _eAuteur |
|
| 245 | 1 | 4 |
_a Les tendances contemporaines en matière d'ordre public international / _cM. Jean Deprez. |
| 264 |
_aLa Caire: _b[Éditeur non identifié], _c1965. |
||
| 300 |
_a165 page ; _c 24 cm. |
||
| 336 |
_2rda contenu _a texte |
||
| 337 |
_2rda medias _aOrdinateur |
||
| 338 |
_2 transporteur rda _a Ressource en ligne |
||
| 546 | _aTexte en français | ||
| 650 | 1 |
_aDroit international privé _2qrmak |
|
| 650 | 1 |
_aLes tendances contemporaines _2qrmak |
|
| 651 | 1 | _2qrmak | |
| 856 | 4 | 0 | _uhttps://fll.law.cu.edu.eg/fulltext/bks/B12-01838.pdf |
| 905 | _a72 | ||
| 942 |
_2ddc _n0 _cBK _e21 |
||
| 999 |
_c76453 _d76453 |
||